MARC

Tag First Indicator Second Indicator Subfields
LEADER 00000cam a22000008a 4500
001 in00001350821
005 20151006062915.0
008 970403s1997 nyu b 001 0 eng
010 |a  97014277  
020 |a 0312176287 (cloth) 
035 |a (OCoLC)36755870 
035 |9 AHG8026AM 
040 |a DLC  |c DLC  |d TXA  |d UtOrBLW 
043 |a e-uk-en  |a e-ie--- 
049 |a TXAM 
050 0 0 |a PR3069.I7  |b S53 1997 
082 0 0 |a 822.3/3  |2 21 
245 0 0 |a Shakespeare and Ireland :  |b history, politics, culture /  |c edited by Mark Thornton Burnett and Ramona Wray. 
263 |a 9710 
264 1 |a New York :  |b St. Martin's Press,  |c 1997. 
300 |a xii, 264 pages :  |b illustrations ;  |c 23 cm. 
336 |a text  |b txt  |2 rdacontent 
337 |a unmediated  |b n  |2 rdamedia 
338 |a volume  |b nc  |2 rdacarrier 
504 |a Includes bibliographical references and index. 
600 1 0 |a Shakespeare, William,  |d 1564-1616  |x Knowledge  |x Ireland. 
651 0 |a Ireland  |x In literature. 
650 0 |a English literature  |x Irish authors  |x History and criticism. 
600 1 0 |a Shakespeare, William,  |d 1564-1616  |x Appreciation  |z Ireland. 
650 0 |a National characteristics, Irish, in literature. 
600 1 0 |a Shakespeare, William,  |d 1564-1616  |x Influence. 
650 0 |a Influence (Literary, artistic, etc.) 
650 0 |a Politics and literature  |z Ireland. 
650 0 |a Literature and history  |z Ireland. 
700 1 |a Burnett, Mark Thornton. 
700 1 |a Wray, Ramona,  |d 1971- 
999 |a MARS 
999 f f |s 525b613d-9c98-336d-8401-73a4c0775be7  |i 192c2442-fb23-35b6-8499-074a5e5805d7  |t 0 
952 f f |p normal  |a Texas A&M University  |b College Station  |c Sterling C. Evans Library  |d Evans: Library Stacks  |t 0  |e PR3069.I7 S53 1997  |h Library of Congress classification  |i unmediated -- volume  |m A14821996289 
998 f f |a PR3069.I7 S53 1997  |t 0  |l Evans: Library Stacks